000 00665nam a2200241 a 4500
999 _c11432
_d11432
001 11432
003 BD-JhCC
005 20190919134423.0
008 190615r20052016bg |||| ||a| 000 0 eng d
020 _a9847002001304
035 _a(BD-JhCC)11432
040 _aBD-JhCC
_dBD-JhCC
041 _aeng
082 _bISL 2016
_a428.24
100 _aIslam, Majharul
245 _aComprehensive Approach to English Literture /
_cMajharul Islam, Edited: Dr. Sazzad Hossin .
260 _aDhaka:
_bFriends book corner;
_c2016.
300 _a1008 p. :
_c22 cm.
650 _aEnglish language
700 _a Hossin, Dr. Sazzad
942 _2ddc
_cBK